Start-up of anaerobic/facultative ponds for treatment of rubber processing effluent (Record no. 69248)

MARC details
000 -LEADER
fixed length control field 00426nam a2200145Ia 4500
100 ## - MAIN ENTRY--AUTHOR NAME
Personal name Ahmad Bin Ibrahim
245 #0 - TITLE STATEMENT
Title Start-up of anaerobic/facultative ponds for treatment of rubber processing effluent
260 ## - PUBLICATION, DISTRIBUTION, ETC. (IMPRINT)
Name of publisher Planters Bulletin
Year of publication 1980
300 ## - PHYSICAL DESCRIPTION
Number of Pages 153-155
650 ## - SUBJECT ADDED ENTRY--TOPICAL TERM
Topical Term Effluent treatment
650 ## - SUBJECT ADDED ENTRY--TOPICAL TERM
Topical Term Rubber effluent
650 ## - SUBJECT ADDED ENTRY--TOPICAL TERM
Topical Term Rubber processing
942 ## - ADDED ENTRY ELEMENTS (KOHA)
Koha item type Journals
Holdings
Withdrawn status Lost status Damaged status Not for loan Home library Current library Shelving location Date acquired Serial Enumeration / chronology Koha item type
      Journals RRII Library RRII Library Rubber general 17/12/2021 Volume 165, Issue Journals